Tendencias del crecimiento de la población urbana en América Latina

Gespeichert in:
Bibliographische Detailangaben
1. Verfasser: Fox, Robert W (VerfasserIn)
Format: Buch
Sprache:Spanisch
Veröffentlicht: Washington, D.C Banco Interamericano de Desarrollo 1975
Schlagworte:
Tags: Tag hinzufügen
Keine Tags, Fügen Sie den ersten Tag hinzu!

MARC

LEADER 00000nam a2200000 a 4500
001 UCU2613
003 CL-VaPUC
008 960426e19750000US |||||||||||||||||spa|d
082 0 4 |a 304.6  |b FOX  |2 21 
100 0 |a Fox, Robert W  |e author  |9 358915 
245 1 0 |a Tendencias del crecimiento de la población urbana en América Latina 
300 |a 108 p 
942 |c BK 
945 |d 19960426 00:00:00  |a paguirre 
260 |a Washington, D.C  |b Banco Interamericano de Desarrollo  |c 1975 
650 0 |a Población  |9 257577 
650 0 |a Urbanización   |9 265706 
650 0 |a Demografía   |9 260008 
650 0 |a Ciudades  |9 265474 
650 0 |a Zonas metropolitanas  |9 358916 
651 7 |a CHILE  |2 CL-VaPUC  |9 358917 
651 0 |a México  |9 255269 
651 0 |a Perú  |9 256567 
651 0 |a Venezuela  |9 254993 
651 0 |a Brasil  |9 267393 
651 0 |a Argentina  |9 254888 
583 |a last modification  |c 19960426 00:00:00  |k Rodrigo Vera 
999 |c 246861  |d 246859 
952 |0 0  |1 0  |4 0  |6 304_600000000000000_FOX_1975  |7 0  |8 A  |9 262188  |a BIBING  |b BIBING  |d 2019-11-19  |i 2018780  |o 304.6 FOX 1975  |p 2018780  |r 2025-01-20  |w 2019-11-19  |y BK  |k CCL 
952 |0 0  |1 0  |4 0  |6 304_600000000000000_FOX_1975  |7 0  |8 A  |9 262189  |a BIBENE  |b BIBENE  |d 2019-11-19  |i 1985299  |o 304.6 FOX 1975  |p 1985299  |r 2025-01-15  |w 2019-11-19  |y BK  |k ICO